000 00408nam a22001457a 4500
005 20200614153452.0
008 200614b xxu||||| |||| 00| 0 eng d
082 _a345.4 AIR
110 _aALL INDIA REPORTER,
_96127
245 _aALL INDIA REPORTER, [1970] [VOL- 57] SUPREME COURT SECTION
260 _aMUMBAI
_bALL INDIA REPORTER, PVT. LTD.
300 _a2192; p.
650 _aLAW
_95701
942 _cJRL
999 _c7178
_d7176